000 00993nam a2200337Ia 4500
003 OSt
005 20220912144642.0
006 a|||||r|||| 00| 0
007 ta
008 220909b |||||||| |||| 00| 0 eng d
020 _a9783319141411 (hbk)
020 _aSL01600356
024 _a195635
037 _b2795, 23/02/2016, New India Book Agency
037 _cTextbook
040 _aCSL
_beng
_cCSL
041 _aeng
082 _aD65,8(B),27, Q5
100 _aAggarwal Charu C
245 0 _aData mining: The textbook
260 _aNew York
_bSpringer
_c2015
300 _axxix, 734p. ill.
500 _aBibliography 695-726p.; Index 727-734p.
650 _a Data classifilcation
650 _a Mining discrete sequences
650 _a Outlier analysis
650 _aMining web data
700 _aAggarwal Charu C
942 _hD65,8(B),27, Q5
_cTB
_2CC
999 _c14777
_d14777